000 00418cam a2200169ua 4500
020 _c1.50
041 _amal
_h
082 _a894.8121
_bVAL/SA
100 _aVallathole, .
245 _aSahithyamanjari, part 5 /
_cVallathole.
_hTextual Documents
260 _aCheruthiruthi :
_bVallathole Grandhalayam ,
_c1965.
300 _a108 ; .
365 _a1.50
504 _a
942 _cBK
999 _c1257
_d1257